Word Ladder: Holiday Quaff Quiz Stats

 Plays Quiz Updated Dec 21, 2014

Challenge
Share
Tweet
Embed
Score 0/14 Timer 01:30
1 Play Today
Clue 3-Letter Word % Correct
With [First Rung], Christmas drinkNOG
93.8%
With [Last Rung], Christmas drinkEGG
93.8%
Golfing needTEE
93.7%
The self, according to FreudEGO
92.4%
Ink distributorPEN
90.5%
Basis of the decimal systemTEN
90%
Common articleTHE
88.2%
Clue 3-Letter Word % Correct
Whitney the inventor of the cotton ginELI
84.7%
Band that sang 'Evil Woman'ELO
82.5%
Guevara the revolutionaryCHE
81.5%
Cribbage board score keeperPEG
77.2%
Collectable bottle capPOG
75.9%
Greek letter that looks like an XCHI
75.1%
151 to OvidCLI
69%

Today's Daily Dose

You're not logged in!

Compare scores with friends on all Sporcle quizzes.
Join for Free
OR
Log In

You Might Also Like...

Show Comments

Extras

Top Quizzes Today


Score Distribution

Your Account Isn't Verified!

In order to create a playlist on Sporcle, you need to verify the email address you used during registration. Go to your Sporcle Settings to finish the process.

Report this User

Report this user for behavior that violates our Community Guidelines.

Details: